000 01364cam a2200145 4500500
005 20251214001351.0
041 _afre
042 _adc
100 1 0 _aKhalvadjian, Boris
_eauthor
700 1 0 _aRouvière, Frédéric
_eauthor
245 0 0 _aDroit des obligations : Cours, méthode et exercices corrigés
260 _bArmand Colin,
_c2012.
520 _aParfaitement conforme à l'enseignement de droit en L2, cet ouvrage présente les obligations contractuelles et les obligations délictuelles. Conçu comme un manuel et un outil de préparation aux TDs, l'ensemble du cours est présenté à travers les trois exercices qui servent à évaluer les connaissances : dissertations, commentaires d'arrêt et cas pratique. Cette nouvelle édition, revue et corrigée, prend en compte les évolutions les plus récentes de la législation et de la jurisprudence. Boris Khalvadjian, docteur en droit privé, est avocat au barreau de Paris. Il a enseigné à l’Université d’Aix-Marseille et enseigne actuellement à l’Université de Paris XIII. Frédéric Rouvière, agrégé des Facultés en droit privé et sciences criminelles, est Professeur à l’Université d’Aix-Marseille où il enseigne le droit civil et la théorie du droit.
856 4 1 _uhttps://droit.cairn.info/droit-des-obligations--9782200281373?lang=fr&redirect-ssocas=7080
999 _c1566111
_d1566111